00329nam a2200097Ia 4500008004100000041000800041100002100049245008900070260005400159700001800213241105s9999 xx 000 0 und d aeng aNagarkar Sneha.  aStudying The Impacts Of Simultaneous Use Of Bus And Metro On A Stretch Of Pune City. bBnca M Arch Environment Architecture., Punec2018 a Nawale Rahul